000
00241nam a2200097Ia 4500
008
190216s9999||||xx |||||||||||||| ||und||
100
_a
Mohan Rao U S
245
0
_a
General Knowledge Digest And General Studies
260
_b
Null
942
_c
REF
999
_c
35785
_d
35785